000 00901nam a2200217 i 4500
001 155465
003 ES-MaACL
005 20251015063138.0
008 990719s1881 fr |||| | fre d
040 _aCCPB | B
_bspa
_cCCPB | B
100 1 _aHippeau, Celestin,
_d1803-1883
_9127994
245 1 2 _aL'instruction publique en France pendant la Révolution
_b: discours et rapports de Mirabeau, Talleyrand-Périgord, Condorcet, Lanthenas, Romme, Le Peletier, Saint-Fargeau, Calès, Lakanal, Daunou et Fourcroy /
_cpubliés par C. Hippeau.
260 _aParis :
_bDidier et Cie,
_c1881 (
_eArcis-sur-Aube :
_fTyp. Léon Frémont)
300 _aXXIII, 519 p. ;
_c18 cm.
596 _aImp. tomado de v. de antep.
596 _aMarca del ed. en port.
597 _aAntep.
650 4 _aEducación-
_zFrancia.
_9147613
852 _aES-MaACL
_jD-3745
_z-- Enc. hol.
999 _c155465
_d155465